[Event "Scarborough CC Howard Ridout Swiss"]
[Site "Toronto CAN"]
[Date "2009.10.08"]
[Round "5"]
[White "Southam, David"]
[Black "Moffat, Andrei"]
[Result "1/2-1/2"]
[WhiteElo "2146"]
[BlackElo "2210"]
[PlyCount "46"]
[GameId "2160767910096839"]
[EventDate "2009.09.10"]
[EventType "swiss"]
[EventRounds "7"]
[EventCountry "CAN"]
[SourceTitle "EXT 2011"]
[Source "ChessBase"]
[SourceDate "2011.11.26"]
[SourceVersion "1"]
[SourceVersionDate "2011.11.26"]
[SourceQuality "1"]

1. d4 d5 2. Nf3 Nc6 3. Bf4 Bg4 4. e3 e6 5. Nbd2 Bd6 6. Be2 Bxf4 7. exf4 Qd6 8. g3 Nge7 9. c3 f6 10. O-O O-O 11. Re1 Kh8 12. Nh4 Bf5 13. Nxf5 Nxf5 14. Bd3 g6 15. Qe2 Rae8 16. Nf3 Nd8 17. Bxf5 gxf5 18. Qe3 b6 19. Re2 Rf7 20. Rae1 Rg8 21. b3 Rfg7 22. c4 c6 23. Rc1 Qd7 1/2-1/2

[Event "Scarborough CC Howard Ridout Swiss"]
[Site "Toronto CAN"]
[Date "2009.10.08"]
[Round "5"]
[White "Ward, Dean"]
[Black "Morra, Lui"]
[Result "0-1"]
[WhiteElo "1800"]
[BlackElo "1612"]
[PlyCount "62"]
[GameId "2160767910096840"]
[EventDate "2009.09.10"]
[EventType "swiss"]
[EventRounds "7"]
[EventCountry "CAN"]
[SourceTitle "EXT 2011"]
[Source "ChessBase"]
[SourceDate "2011.11.26"]
[SourceVersion "1"]
[SourceVersionDate "2011.11.26"]
[SourceQuality "1"]

1. c4 c5 2. Nf3 Nc6 3. Nc3 g6 4. Ne4 b6 5. d4 cxd4 6. Nxd4 Bb7 7. Nxc6 Bxc6 8. Ng3 Bg7 9. e4 d6 10. Bd3 Nf6 11. O-O O-O 12. Rb1 a6 13. Be3 b5 14. cxb5 axb5 15. a3 Qd7 16. Qe2 Ng4 17. Bd2 Ne5 18. Bc3 Nxd3 19. Qxd3 e5 20. Rfd1 Rfd8 21. Bb4 d5 22. exd5 Bxd5 23. Qe3 Qb7 24. f3 f5 25. Qg5 Qb6+ 26. Kh1 Bb3 27. Rxd8+ Rxd8 28. Re1 Bf6 29. Qe3 Qxe3 30. Rxe3 f4 31. Rxb3 Rd1+ 0-1

[Event "Scarborough CC Howard Ridout Swiss"]
[Site "Toronto CAN"]
[Date "2009.10.08"]
[Round "5"]
[White "Yuan, Yuanling"]
[Black "Wu, Aaron"]
[Result "1-0"]
[WhiteElo "2301"]
[BlackElo "1963"]
[PlyCount "92"]
[GameId "2160767910096841"]
[EventDate "2009.09.10"]
[EventType "swiss"]
[EventRounds "7"]
[EventCountry "CAN"]
[SourceTitle "EXT 2011"]
[Source "ChessBase"]
[SourceDate "2011.11.26"]
[SourceVersion "1"]
[SourceVersionDate "2011.11.26"]
[SourceQuality "1"]

1. e4 c5 2. Nf3 Nc6 3. d4 cxd4 4. Nxd4 Nf6 5. Nc3 e5 6. Ndb5 d6 7. Bg5 a6 8. Na3 b5 9. Bxf6 gxf6 10. Nd5 f5 11. Bd3 Be6 12. Qh5 Bg7 13. O-O f4 14. c4 bxc4 15. Bxc4 O-O 16. Rac1 Nd4 17. Nc2 Nxc2 18. Rxc2 Bxd5 19. Bxd5 Rc8 20. Rd2 Qe7 21. Rfd1 Rfd8 22. b3 Rc7 23. Bc4 a5 24. a4 Kh8 25. Rd5 Ra7 26. Qh3 Bf8 27. Qc3 Qc7 28. Qd2 f6 29. Rd3 Rd7 30. Rc3 Qb7 31. Bd5 Qb8 32. Qe2 Rac7 33. Qg4 Bg7 34. Bc4 Re7 35. Rh3 Re8 36. Qg6 h6 37. Rxh6+ Bxh6 38. Qxh6+ Rh7 39. Qxf6+ Rg7 40. Rd3 Qc8 41. Kh1 Ree7 42. Rh3+ Qxh3 43. gxh3 Kh7 44. Qh4+ Kg6 45. Be2 f3 46. Bxf3 Kf7 1-0

[Event "Scarborough CC Howard Ridout Swiss"]
[Site "Toronto CAN"]
[Date "2009.10.15"]
[Round "6"]
[White "Al Ganabi, Haqi"]
[Black "Ferreira, Alex"]
[Result "1-0"]
[WhiteElo "1882"]
[BlackElo "1956"]
[PlyCount "73"]
[GameId "2160767910096842"]
[EventDate "2009.09.10"]
[EventType "swiss"]
[EventRounds "7"]
[EventCountry "CAN"]
[SourceTitle "EXT 2011"]
[Source "ChessBase"]
[SourceDate "2011.11.26"]
[SourceVersion "1"]
[SourceVersionDate "2011.11.26"]
[SourceQuality "1"]

1. e4 e5 2. f4 Nf6 3. Nc3 d5 4. fxe5 Nxe4 5. Nf3 Ng5 6. d4 Nxf3+ 7. Qxf3 Qh4+ 8. Qf2 Qxf2+ 9. Kxf2 c6 10. Bd3 Na6 11. Bxa6 bxa6 12. Ne2 Bf5 13. c3 Be7 14. h4 f6 15. Ng3 Bc2 16. exf6 O-O 17. Be3 Rab8 18. b3 Bd3 19. Ke1 Bxf6 20. Kd2 Bg6 21. h5 Be8 22. Raf1 a5 23. Nf5 Bd7 24. g4 a4 25. b4 a5 26. Bf4 axb4 27. Bxb8 Rxb8 28. Nh6+ Kh8 29. Nf7+ Kg8 30. g5 Kxf7 31. h6 Kg6 32. gxf6 bxc3+ 33. Kxc3 gxh6 34. f7 Bf5 35. Rxf5 Kxf5 36. Rf1+ Kg4 37. Rg1+ 1-0

[Event "Scarborough CC Howard Ridout Swiss"]
[Site "Toronto CAN"]
[Date "2009.10.15"]
[Round "6"]
[White "Al Ganabi, Yasir"]
[Black "Marcille, Gord"]
[Result "0-1"]
[WhiteElo "1400"]
[BlackElo "1855"]
[PlyCount "98"]
[GameId "2160767910096843"]
[EventDate "2009.09.10"]
[EventType "swiss"]
[EventRounds "7"]
[EventCountry "CAN"]
[SourceTitle "EXT 2011"]
[Source "ChessBase"]
[SourceDate "2011.11.26"]
[SourceVersion "1"]
[SourceVersionDate "2011.11.26"]
[SourceQuality "1"]

1. e4 c5 2. Nc3 Nc6 3. Bb5 a6 4. Bxc6 dxc6 5. d3 e5 6. Nf3 Bg4 7. O-O Qf6 8. Bg5 Bxf3 9. Bxf6 Bxd1 10. Raxd1 Nxf6 11. Ne2 Bd6 12. Ng3 g6 13. c4 Ng4 14. Rfe1 O-O 15. h3 Nh6 16. Ne2 f5 17. Nc3 Bc7 18. f3 Ba5 19. Re2 Bxc3 20. bxc3 f4 21. a4 Rfd8 22. Rb2 Rd7 23. Kf2 Nf7 24. g4 Nd6 25. Ke2 b5 26. cxb5 cxb5 27. a5 Rad8 28. Rc2 Nc4 29. Ra2 Ne3 30. Rdd2 c4 31. dxc4 Rxd2+ 32. Rxd2 Rxd2+ 33. Kxd2 Nxc4+ 34. Kc2 Nxa5 35. Kb2 Kf7 36. g5 Nc4+ 37. Kb3 a5 38. Kc2 a4 39. Kb1 a3 40. Ka2 Ke6 41. Kb3 Kd6 42. Ka2 Kc6 43. Kb3 Kc5 44. Ka2 b4 45. cxb4+ Kxb4 46. Kb1 Kb3 47. Ka1 a2 48. h4 Ne3 49. h5 Nc2# 0-1

[Event "Scarborough CC Howard Ridout Swiss"]
[Site "Toronto CAN"]
[Date "2009.10.15"]
[Round "6"]
[White "Douglas, Richard"]
[Black "Verde, Pino"]
[Result "1-0"]
[WhiteElo "1859"]
[BlackElo "1757"]
[PlyCount "59"]
[GameId "2160767910096844"]
[EventDate "2009.09.10"]
[EventType "swiss"]
[EventRounds "7"]
[EventCountry "CAN"]
[SourceTitle "EXT 2011"]
[Source "ChessBase"]
[SourceDate "2011.11.26"]
[SourceVersion "1"]
[SourceVersionDate "2011.11.26"]
[SourceQuality "1"]

1. e4 d6 2. Bc4 Nf6 3. Qe2 Nbd7 4. Nf3 h6 5. d4 e5 6. Nc3 c6 7. dxe5 dxe5 8. Be3 Bb4 9. Bd2 O-O 10. g4 a5 11. g5 hxg5 12. Nxg5 b5 13. Bd3 Nc5 14. Rg1 Nxd3+ 15. cxd3 Be7 16. O-O-O b4 17. Na4 Ba6 18. Be3 c5 19. b3 Bb5 20. Nf3 Qc7 21. Bh6 Ne8 22. Nd2 Qd6 23. Qh5 Bxa4 24. Nc4 Qd4 25. Bxg7 Qa1+ 26. Kd2 Qc3+ 27. Ke2 Qc2+ 28. Ke3 Nxg7 29. Rxg7+ Kxg7 30. Rg1+ 1-0

[Event "Scarborough CC Howard Ridout Swiss"]
[Site "Toronto CAN"]
[Date "2009.10.15"]
[Round "6"]
[White "Garel, Rick"]
[Black "Armstrong, Robert J"]
[Result "1-0"]
[WhiteElo "1915"]
[BlackElo "1804"]
[PlyCount "87"]
[GameId "2160767910096845"]
[EventDate "2009.09.10"]
[EventType "swiss"]
[EventRounds "7"]
[EventCountry "CAN"]
[SourceTitle "EXT 2011"]
[Source "ChessBase"]
[SourceDate "2011.11.26"]
[SourceVersion "1"]
[SourceVersionDate "2011.11.26"]
[SourceQuality "1"]

1. e4 g6 2. Nc3 Bg7 3. f4 d6 4. Nf3 Nf6 5. Bc4 O-O 6. O-O Nxe4 7. Nxe4 d5 8. d4 dxc4 9. c3 Bf5 10. Qe2 b5 11. b3 cxb3 12. axb3 a6 13. Nc5 Re8 14. Nh4 Qd5 15. Nxf5 Qxf5 16. Qf3 Nd7 17. g4 Qf6 18. Nxd7 Qd6 19. Ne5 c5 20. Be3 cxd4 21. Rad1 Qc7 22. Bxd4 a5 23. Qd5 Bxe5 24. Qxe5 Qxe5 25. Bxe5 a4 26. bxa4 bxa4 27. Rf2 f6 28. Bd4 e5 29. fxe5 fxe5 30. Bc5 Rac8 31. Bb4 e4 32. Re1 Rc6 33. Re3 Ra6 34. g5 Kg7 35. c4 Rb6 36. Bc3+ Kg8 37. c5 Ra6 38. Bb2 Ra5 39. Ba3 Rb5 40. Rf4 Rb3 41. Rxb3 axb3 42. c6 Rc8 43. Rf6 h6 44. Rxg6+ 1-0

[Event "Scarborough CC Howard Ridout Swiss"]
[Site "Toronto CAN"]
[Date "2009.10.15"]
[Round "6"]
[White "Hall, John2"]
[Black "Southam, David"]
[Result "1/2-1/2"]
[WhiteElo "2257"]
[BlackElo "2146"]
[PlyCount "96"]
[GameId "2160767910096846"]
[EventDate "2009.09.10"]
[EventType "swiss"]
[EventRounds "7"]
[EventCountry "CAN"]
[SourceTitle "EXT 2011"]
[Source "ChessBase"]
[SourceDate "2011.11.26"]
[SourceVersion "1"]
[SourceVersionDate "2011.11.26"]
[SourceQuality "1"]

1. d4 Nf6 2. Nf3 e6 3. c4 c5 4. d5 b5 5. dxe6 fxe6 6. cxb5 d5 7. e3 Bd6 8. Nc3 Bb7 9. e4 Nbd7 10. exd5 exd5 11. Qe2+ Qe7 12. Qxe7+ Kxe7 13. Bg5 Rhe8 14. O-O-O Kf8 15. Bd3 d4 16. Nb1 Bxf3 17. gxf3 Ne5 18. Bf5 Nxf3 19. Bxf6 gxf6 20. Rd3 Bf4+ 21. Kd1 Ng5 22. h4 Nf7 23. Rf3 Bh6 24. Bxh7 Ne5 25. Rg3 c4 26. Rhg1 Ke7 27. Bf5 Kd6 28. Nd2 Kc5 29. Ne4+ Kb6 30. Nxf6 Red8 31. Be4 Rac8 32. f4 Nf7 33. Rg6 Kxb5 34. Ng4 Bf8 35. Bb7 Rc7 36. Be4 d3 37. Rf6 Nd6 38. Bg6 Bg7 39. h5 Bxf6 40. Nxf6 Rf8 41. Nd5 Rc5 42. Nc3+ Kb4 43. h6 Rxf4 44. Rh1 Rf8 45. h7 Rh8 46. Rh6 Rg5 47. Kd2 Rg2+ 48. Ke3 Rxb2 1/2-1/2

[Event "Scarborough CC Howard Ridout Swiss"]
[Site "Toronto CAN"]
[Date "2009.10.15"]
[Round "6"]
[White "Jizan, Masoud"]
[Black "Manalo, Pepin"]
[Result "0-1"]
[WhiteElo "1718"]
[BlackElo "1863"]
[PlyCount "112"]
[GameId "2160767910096847"]
[EventDate "2009.09.10"]
[EventType "swiss"]
[EventRounds "7"]
[EventCountry "CAN"]
[SourceTitle "EXT 2011"]
[Source "ChessBase"]
[SourceDate "2011.11.26"]
[SourceVersion "1"]
[SourceVersionDate "2011.11.26"]
[SourceQuality "1"]

1. d4 Nf6 2. c4 d5 3. cxd5 Nxd5 4. e4 Nf6 5. Nc3 e6 6. Nf3 Be7 7. Bf4 c6 8. Bd3 Qb6 9. Qc2 Na6 10. a3 Bd7 11. O-O Nh5 12. Be3 Qc7 13. Rac1 Rc8 14. Qe2 Nf4 15. Bxf4 Qxf4 16. Ne5 Nb8 17. Qd1 O-O 18. Ne2 Qh6 19. Ng3 g6 20. f4 Qg7 21. f5 Bg5 22. Rc2 Be3+ 23. Kh1 Bxd4 24. f6 Qh6 25. Ng4 Qg5 26. Be2 c5 27. b3 Bc6 28. a4 Rfd8 29. Qe1 h5 30. Nf2 h4 31. Nh3 Qh6 32. Rf4 Be5 33. Nf5 exf5 34. Rxh4 Qe3 35. Rh8+ Kxh8 36. Qh4+ Kg8 37. Ng5 Qxg5 38. Qxg5 Bxe4 39. Rc1 Nd7 40. Bf3 Bxf6 41. Qe3 Bd4 42. Qe2 Re8 43. Qb5 Nf6 44. Re1 Re7 45. Qc4 Bd3 46. Qc1 Ne4 47. Bxe4 fxe4 48. Rd1 Rce8 49. h4 Be2 50. Re1 Bh5 51. Qg5 Re5 52. Qf4 e3 53. g4 Re4 54. Qh6 Rxg4 55. Rg1 Rxg1+ 56. Kxg1 e2+ 0-1

[Event "Scarborough CC Howard Ridout Swiss"]
[Site "Toronto CAN"]
[Date "2009.10.15"]
[Round "6"]
[White "Krupka, David"]
[Black "Ugodnikov, Arkadiy"]
[Result "1/2-1/2"]
[WhiteElo "2144"]
[BlackElo "1748"]
[PlyCount "89"]
[GameId "2160767910096848"]
[EventDate "2009.09.10"]
[EventType "swiss"]
[EventRounds "7"]
[EventCountry "CAN"]
[SourceTitle "EXT 2011"]
[Source "ChessBase"]
[SourceDate "2011.11.26"]
[SourceVersion "1"]
[SourceVersionDate "2011.11.26"]
[SourceQuality "1"]

1. d4 Nf6 2. c4 c5 3. e3 g6 4. Nc3 cxd4 5. exd4 d5 6. Qb3 dxc4 7. Bxc4 e6 8. Bg5 Bg7 9. Nf3 O-O 10. Rd1 Qa5 11. O-O Nbd7 12. d5 exd5 13. Nxd5 Nxd5 14. Rxd5 Qb6 15. Rb5 Qc7 16. Be7 Nb6 17. Bxf8 Bxf8 18. Bd3 Be6 19. Qc2 Qf4 20. Qc1 Qf6 21. Qc7 Bd5 22. Qe5 Qd8 23. Qe2 Rc8 24. Rd1 a6 25. Rxd5 Qxd5 26. Bxg6 Qc5 27. Bb1 Bg7 28. Qd3 Qh5 29. h3 Qg6 30. Qe3 Qf6 31. Qe4 Rd8 32. Qxh7+ Kf8 33. Rxd8+ Qxd8 34. Qe4 Nd5 35. g3 Bxb2 36. Nh4 Bf6 37. Nf5 Qd7 38. h4 Ne7 39. Nxe7 Bxe7 40. h5 Qd1+ 41. Kg2 Qxh5 42. Qxb7 a5 43. Qc8+ Kg7 44. Qf5 Qxf5 45. Bxf5 1/2-1/2

[Event "Scarborough CC Howard Ridout Swiss"]
[Site "Toronto CAN"]
[Date "2009.10.15"]
[Round "6"]
[White "Kurkowski, Ken"]
[Black "Ward, Dean"]
[Result "0-1"]
[WhiteElo "1690"]
[BlackElo "1800"]
[PlyCount "94"]
[GameId "2160767910096849"]
[EventDate "2009.09.10"]
[EventType "swiss"]
[EventRounds "7"]
[EventCountry "CAN"]
[SourceTitle "EXT 2011"]
[Source "ChessBase"]
[SourceDate "2011.11.26"]
[SourceVersion "1"]
[SourceVersionDate "2011.11.26"]
[SourceQuality "1"]

1. d4 d5 2. c4 e6 3. Nf3 c6 4. g3 dxc4 5. Bg2 b5 6. a4 Bb7 7. O-O Nf6 8. Qc2 a6 9. Rd1 Qc8 10. e4 Be7 11. Be3 O-O 12. b3 cxb3 13. Qxb3 Nxe4 14. Nbd2 Nf6 15. Ne5 Nd5 16. Ne4 Nxe3 17. fxe3 Nd7 18. Nxd7 Qxd7 19. Nc5 Bxc5 20. dxc5 Qc7 21. Rd6 Rfd8 22. Rad1 Rxd6 23. Rxd6 Rd8 24. Qd1 Rxd6 25. cxd6 Qd7 26. axb5 axb5 27. Qd4 f6 28. Qb6 Kf7 29. Qc7 Qxc7 30. dxc7 b4 31. Bxc6 Bc8 32. Kf2 Ke7 33. Ke2 Kd6 34. Be4 f5 35. Bd3 Kxc7 36. Kd2 Kd6 37. Kc2 Kc5 38. Kb3 h6 39. h4 g5 40. hxg5 hxg5 41. e4 f4 42. gxf4 gxf4 43. Be2 e5 44. Bf3 Be6+ 45. Kb2 Kd4 46. Bg2 Bc4 47. Bf3 Bd3 0-1

[Event "Scarborough CC Howard Ridout Swiss"]
[Site "Toronto CAN"]
[Date "2009.10.15"]
[Round "6"]
[White "Lamb, Bryan"]
[Black "Yuan, Yuanling"]
[Result "0-1"]
[WhiteElo "2232"]
[BlackElo "2301"]
[PlyCount "76"]
[GameId "2160767910096850"]
[EventDate "2009.09.10"]
[EventType "swiss"]
[EventRounds "7"]
[EventCountry "CAN"]
[SourceTitle "EXT 2011"]
[Source "ChessBase"]
[SourceDate "2011.11.26"]
[SourceVersion "1"]
[SourceVersionDate "2011.11.26"]
[SourceQuality "1"]

1. e4 c5 2. Nf3 d6 3. d4 cxd4 4. Nxd4 Nf6 5. Nc3 g6 6. g3 Nc6 7. Bg2 Bd7 8. O-O Bg7 9. Nde2 O-O 10. a4 Rc8 11. h3 Nb4 12. Be3 a5 13. Qd2 Bc6 14. Nf4 Qc7 15. Rac1 Nd7 16. Ncd5 Nxd5 17. Nxd5 Qd8 18. b3 e6 19. Nf4 Nc5 20. f3 Qc7 21. Rfd1 Rfd8 22. Nd3 b6 23. Nxc5 dxc5 24. Qf2 Qb7 25. Bg5 Bd4 26. Rxd4 cxd4 27. Bf6 h6 28. Qd2 Kh7 29. Bxd8 Rxd8 30. c3 e5 31. Bf1 Qe7 32. Qf2 Qa3 33. Rd1 Qxb3 34. Rc1 d3 35. Qd2 Bxa4 36. f4 exf4 37. gxf4 Qc4 38. Bg2 Bc6 0-1

[Event "Scarborough CC Howard Ridout Swiss"]
[Site "Toronto CAN"]
[Date "2009.10.15"]
[Round "6"]
[White "Maister, Martin"]
[Black "Rutherdale, William"]
[Result "1-0"]
[WhiteElo "1839"]
[BlackElo "1741"]
[PlyCount "47"]
[GameId "2160767910096851"]
[EventDate "2009.09.10"]
[EventType "swiss"]
[EventRounds "7"]
[EventCountry "CAN"]
[SourceTitle "EXT 2011"]
[Source "ChessBase"]
[SourceDate "2011.11.26"]
[SourceVersion "1"]
[SourceVersionDate "2011.11.26"]
[SourceQuality "1"]

1. c4 c5 2. Nc3 Nf6 3. g3 g6 4. Bg2 Nc6 5. e3 Bg7 6. Nge2 b6 7. d4 cxd4 8. Nxd4 Bb7 9. O-O O-O 10. b3 Rb8 11. Bb2 Nxd4 12. Bxb7 Nxb3 13. axb3 Rxb7 14. Qf3 Qb8 15. Rfd1 d6 16. Nb5 Rc8 17. Ba3 a6 18. Nd4 b5 19. cxb5 axb5 20. Nc6 Qc7 21. Rac1 Qd7 22. Nxe7+ Qxe7 23. Rxc8+ Ne8 24. Rxe8+ 1-0

[Event "Scarborough CC Howard Ridout Swiss"]
[Site "Toronto CAN"]
[Date "2009.10.15"]
[Round "6"]
[White "Mesiti, Silvano"]
[Black "Gaffney, Kevin"]
[Result "0-1"]
[WhiteElo "1774"]
[BlackElo "1568"]
[PlyCount "106"]
[GameId "2160767910096852"]
[EventDate "2009.09.10"]
[EventType "swiss"]
[EventRounds "7"]
[EventCountry "CAN"]
[SourceTitle "EXT 2011"]
[Source "ChessBase"]
[SourceDate "2011.11.26"]
[SourceVersion "1"]
[SourceVersionDate "2011.11.26"]
[SourceQuality "1"]

1. e4 e5 2. Nf3 Nc6 3. Bc4 Nf6 4. d3 Be7 5. a3 d5 6. exd5 Nxd5 7. h3 O-O 8. O-O Be6 9. Nc3 Nxc3 10. bxc3 Bxc4 11. dxc4 Qxd1 12. Rxd1 Rfd8 13. Be3 a6 14. Rd5 f6 15. a4 Rd6 16. Rad1 Rad8 17. Rxd6 cxd6 18. Rd5 Rc8 19. c5 dxc5 20. Bxc5 Bxc5 21. Rxc5 Rd8 22. Kf1 Kf7 23. Ke2 Ke6 24. Nd2 Rd5 25. Nb3 Kd6 26. Rc4 f5 27. Rh4 h6 28. Rc4 g5 29. a5 Nxa5 30. Ra4 Nc6 31. Ra1 e4 32. Ra4 Ke6 33. Nd4+ Kd6 34. Nb3 Ke5 35. Ra1 Rd7 36. Ra3 Ne7 37. c4 Nc6 38. Ra2 Nd4+ 39. Ke1 Rc7 40. Nd2 Kd6 41. Kd1 Kc5 42. c3 Nc6 43. Kc2 Ne5 44. Kb3 Nd3 45. Ra5+ b5 46. Rxa6 bxc4+ 47. Kc2 Rc6 48. Ra5+ Kb6 49. Rxf5 Ne1+ 50. Kd1 Nxg2 51. Nxe4 Re6 52. Ng3 Nh4 53. Kd2 Nxf5 0-1

[Event "Scarborough CC Howard Ridout Swiss"]
[Site "Toronto CAN"]
[Date "2009.10.15"]
[Round "6"]
[White "Moffat, Andrei"]
[Black "Humphreys, Michael"]
[Result "1-0"]
[WhiteElo "2210"]
[BlackElo "2209"]
[PlyCount "53"]
[GameId "2160767910096853"]
[EventDate "2009.09.10"]
[EventType "swiss"]
[EventRounds "7"]
[EventCountry "CAN"]
[SourceTitle "EXT 2011"]
[Source "ChessBase"]
[SourceDate "2011.11.26"]
[SourceVersion "1"]
[SourceVersionDate "2011.11.26"]
[SourceQuality "1"]

1. e4 c6 2. Nc3 d5 3. Qf3 Be6 4. Nh3 Bxh3 5. gxh3 e6 6. Rg1 Qf6 7. Qg3 Nd7 8. d4 dxe4 9. Qc7 Qxd4 10. Be3 Qe5 11. Qxb7 Rb8 12. Qxc6 Bb4 13. O-O-O Ngf6 14. Rg5 Qxh2 15. Rxg7 Ke7 16. Bg5 Kf8 17. Bh6 Ke7 18. Bg5 Kf8 19. Bh6 Ke7 20. Bb5 Rhd8 21. Rdg1 Qxh3 22. Bg5 Bxc3 23. bxc3 Rbc8 24. Bxf6+ Kxf6 25. Qxe4 Qf5 26. Qh4+ Ke5 27. Qd4# 1-0

[Event "Scarborough CC Howard Ridout Swiss"]
[Site "Toronto CAN"]
[Date "2009.10.15"]
[Round "6"]
[White "Moran-Venegas, Mario"]
[Black "Wu, Kevin"]
[Result "0-1"]
[WhiteElo "1762"]
[BlackElo "1954"]
[PlyCount "76"]
[GameId "2160767910096854"]
[EventDate "2009.09.10"]
[EventType "swiss"]
[EventRounds "7"]
[EventCountry "CAN"]
[SourceTitle "EXT 2011"]
[Source "ChessBase"]
[SourceDate "2011.11.26"]
[SourceVersion "1"]
[SourceVersionDate "2011.11.26"]
[SourceQuality "1"]

1. e4 c5 2. Nf3 d6 3. d4 cxd4 4. Nxd4 Nf6 5. Nc3 g6 6. Be3 Bg7 7. Qd2 Ng4 8. Bb5+ Bd7 9. O-O Nxe3 10. Qxe3 O-O 11. Bxd7 Qxd7 12. Nce2 Nc6 13. Nxc6 bxc6 14. Rab1 Rab8 15. b3 c5 16. c4 Rb7 17. Rfd1 Qc6 18. Rd5 a5 19. Rbd1 a4 20. f4 axb3 21. axb3 Rfb8 22. R5d3 Bd4 23. Nxd4 cxd4 24. Qf3 Qc5 25. Rb1 Rb4 26. Qd1 e5 27. fxe5 dxe5 28. Kf2 Qe7 29. g3 Qe6 30. Kg2 Qc6 31. Qf3 Rxc4 32. Kh3 Rc2 33. b4 Qe6+ 34. g4 h5 35. Kg3 hxg4 36. Qd1 Qa2 37. Kxg4 Rxh2 38. Qe1 Qc2 0-1

[Event "Scarborough CC Howard Ridout Swiss"]
[Site "Toronto CAN"]
[Date "2009.10.15"]
[Round "6"]
[White "Morra, Lui"]
[Black "Paterson, Jim"]
[Result "1-0"]
[WhiteElo "1612"]
[BlackElo "1839"]
[PlyCount "51"]
[GameId "2160767910096855"]
[EventDate "2009.09.10"]
[EventType "swiss"]
[EventRounds "7"]
[EventCountry "CAN"]
[SourceTitle "EXT 2011"]
[Source "ChessBase"]
[SourceDate "2011.11.26"]
[SourceVersion "1"]
[SourceVersionDate "2011.11.26"]
[SourceQuality "1"]

1. e4 b6 2. d4 Bb7 3. Nc3 e6 4. Nf3 Nf6 5. Bd3 d6 6. Bf4 Nbd7 7. O-O Be7 8. Qe2 O-O 9. Rfe1 Nh5 10. Bd2 g6 11. e5 Bxf3 12. Qxf3 dxe5 13. dxe5 Nc5 14. Bh6 Nxd3 15. cxd3 Ng7 16. Ne4 Re8 17. Nf6+ Bxf6 18. exf6 Nf5 19. Bg5 Kh8 20. Qh3 Nd6 21. g4 e5 22. Qh6 Rg8 23. Re3 Nf5 24. Qxh7+ Kxh7 25. Rh3+ Nh6 26. Rxh6# 1-0

[Event "Scarborough CC Howard Ridout Swiss"]
[Site "Toronto CAN"]
[Date "2009.10.15"]
[Round "6"]
[White "Moysoski, Randy"]
[Black "Conte, Michael"]
[Result "1-0"]
[WhiteElo "1894"]
[BlackElo "1840"]
[PlyCount "87"]
[GameId "2160767910096856"]
[EventDate "2009.09.10"]
[EventType "swiss"]
[EventRounds "7"]
[EventCountry "CAN"]
[SourceTitle "EXT 2011"]
[Source "ChessBase"]
[SourceDate "2011.11.26"]
[SourceVersion "1"]
[SourceVersionDate "2011.11.26"]
[SourceQuality "1"]

1. e4 c6 2. Ne2 d5 3. e5 c5 4. c3 Nc6 5. d4 Bg4 6. Be3 cxd4 7. cxd4 Rc8 8. Nbc3 e6 9. h3 Bxe2 10. Bxe2 Bb4 11. O-O Nge7 12. a3 Bxc3 13. bxc3 O-O 14. Qa4 Qa5 15. Qb3 Qc7 16. Bd2 Rfd8 17. f4 Na5 18. Qb5 Nf5 19. Kh2 Nc4 20. Bxc4 a6 21. Qb4 Qxc4 22. Qxc4 Rxc4 23. g4 Ne7 24. f5 Nc6 25. fxe6 fxe6 26. Rf3 Rf8 27. Kg3 Rxf3+ 28. Kxf3 Na5 29. Be1 Ra4 30. Bh4 Kf8 31. Bd8 Nc4 32. Bc7 Rxa3 33. Rxa3 Nxa3 34. Bd6+ Ke8 35. Bxa3 b5 36. g5 g6 37. Kg4 Kd7 38. Bb4 Kc6 39. Ba5 Kb7 40. Kf3 Kc6 41. Ke3 b4 42. Bxb4 Kb5 43. Kd3 a5 44. Bd6 1-0

[Event "Scarborough CC Howard Ridout Swiss"]
[Site "Toronto CAN"]
[Date "2009.10.15"]
[Round "6"]
[White "Peng, Bill"]
[Black "Sellars, Karl"]
[Result "1/2-1/2"]
[WhiteElo "2141"]
[BlackElo "2268"]
[PlyCount "52"]
[GameId "2160767910096857"]
[EventDate "2009.09.10"]
[EventType "swiss"]
[EventRounds "7"]
[EventCountry "CAN"]
[SourceTitle "EXT 2011"]
[Source "ChessBase"]
[SourceDate "2011.11.26"]
[SourceVersion "1"]
[SourceVersionDate "2011.11.26"]
[SourceQuality "1"]

1. e4 e6 2. d4 d5 3. Nc3 Bb4 4. e5 c5 5. a3 Bxc3+ 6. bxc3 Ne7 7. Nf3 Nbc6 8. Be2 O-O 9. O-O Bd7 10. Rb1 Qc7 11. Nh4 Ng6 12. Nxg6 fxg6 13. Be3 cxd4 14. cxd4 Rac8 15. Qd3 Na5 16. Bd2 Nc4 17. Bb4 Rfe8 18. Qg3 Ba4 19. Bxc4 Qxc4 20. c3 b6 21. h4 Rc7 22. Rfc1 Rf7 23. Bd6 Qe2 24. Re1 Qd2 25. Qe3 Qxe3 26. Rxe3 Rc8 1/2-1/2

[Event "Scarborough CC Howard Ridout Swiss"]
[Site "Toronto CAN"]
[Date "2009.10.15"]
[Round "6"]
[White "Smith, Maurice"]
[Black "Bao, Stephen"]
[Result "1-0"]
[WhiteElo "1683"]
[BlackElo "1553"]
[PlyCount "87"]
[GameId "2160767910096858"]
[EventDate "2009.09.10"]
[EventType "swiss"]
[EventRounds "7"]
[EventCountry "CAN"]
[SourceTitle "EXT 2011"]
[Source "ChessBase"]
[SourceDate "2011.11.26"]
[SourceVersion "1"]
[SourceVersionDate "2011.11.26"]
[SourceQuality "1"]

1. e4 c5 2. Nf3 d6 3. d4 cxd4 4. Nxd4 Nf6 5. Nc3 g6 6. Be3 Bg7 7. Bc4 O-O 8. Qd2 Nc6 9. f3 Bd7 10. g4 Rc8 11. Bb3 Ne5 12. O-O-O Nc4 13. Bxc4 Rxc4 14. a3 Qa5 15. Nb3 Qa6 16. g5 Nh5 17. Nd5 Re8 18. Na5 Rcc8 19. Qb4 b6 20. Nb3 Rc4 21. Qd2 Qc8 22. Bd4 Ba4 23. Bxg7 Nxg7 24. Kb1 Kf8 25. Ne3 Rc7 26. Qb4 Bxb3 27. Qxb3 Rc5 28. h4 Qb7 29. Rd5 Rec8 30. c4 Ne6 31. Qc3 Kg8 32. Ng4 Ng7 33. Rxc5 Rxc5 34. b4 Rc8 35. Nh6+ Kf8 36. h5 d5 37. hxg6 fxg6 38. Qe5 dxe4 39. Qf4+ Ke8 40. Qf7+ Kd7 41. Rd1+ Kc7 42. Qf4+ Kc6 43. Qxe4+ Kc7 44. Qe5+ 1-0